Statistics for 中国省级行政区全称、简称、行政中心Provinces in China Quiz

Click here to take the quiz!

General Stats

  • This quiz has been taken 429 times
  • The average score is 87 of 102

Answer Stats

答案% Correct
北京
96%
天津
95%
94%
94%
93%
93%
上海
93%
92%
陕/秦
92%
92%
92%
河北省
92%
内蒙古
92%
江苏省
91%
重庆
91%
河南省
91%
甘/陇
90%
90%
云/滇
90%
90%
北京市
90%
黑龙江省
90%
广西壮族自治区
90%
山东省
90%
湖北省
90%
吉林省
90%
广东省
90%
湖南省
90%
山西省
90%
辽宁省
89%
内蒙古自治区
89%
天津市
89%
四川省
89%
安徽省
89%
上海市
89%
西藏自治区
88%
福建省
88%
88%
浙江省
88%
江西省
88%
87%
重庆市
87%
87%
陕西省
87%
87%
86%
石家庄
86%
香港
86%
澳门
86%
宁夏回族自治区
86%
云南省
86%
贵州省
86%
甘肃省
86%
武汉
85%
台湾省
85%
85%
哈尔滨
85%
贵/黔
85%
川/蜀
85%
广州
85%
济南
84%
南京
84%
84%
长春
84%
长沙
83%
福州
83%
乌鲁木齐
83%
沈阳
83%
郑州
83%
83%
新疆维吾尔自治区
83%
83%
83%
83%
青海省
82%
太原
82%
呼和浩特
82%
82%
杭州
82%
拉萨
82%
成都
82%
海南省
81%
台北
81%
西安
81%
贵阳
81%
81%
81%
81%
81%
南宁
80%
合肥
80%
兰州
80%
南昌
79%
昆明
79%
银川
79%
香港特别行政区
79%
79%
西宁
78%
澳门特别行政区
78%
76%
海口
73%
72%

Score Distribution

Percentile by Number Answered

Percent of People with Each Score

Your Score History

You have not taken this quiz